Dragon Ball - Personnages - Statistiques

Statistiques générales
  • Ce quiz a été pris 8 728 fois
  • Le résultat moyen est 45 sur 88
Statistiques - réponses
Hint Réponse % Correct
Héro principal Goku
100%
Fils du héro Gohan
99%
Prince des sayans Vegeta
99%
Deuxième fils du héro Goten
97%
Fille aux cheveux bleus Bulma
94%
Voyageur temporel Trunks
94%
Meilleur ami du héro Krilin
90%
Fusion Vegetto
90%
Destructeur de la planète Végéta Freezer
87%
Frère du héro Raditz
87%
Cyborg C18
85%
Fille avec un sacré caractère Chichi
85%
Père du héro Baddack
84%
Cyborg C17
84%
Sayan chauve Nappa
83%
Plus fort des nameks Piccolo
83%
Cyborg C16
81%
Créature enfermée pendant des siècles par les anciens kaioshins Boo
80%
Fusion Gotenks
80%
Petite fille du héro Pan
80%
Cyborg C19
79%
Maître du héro Tortue Géniale
79%
Cyborg créé par une IA Cell
78%
Créateur des Cyborgs Dr Gero
76%
Participant au tournoi des arts martiaux pour sauver son village de la sécheresse Yam
76%
Il faut réunir les 7 boules de cristal pour l'invoquer Shenron
74%
Homme considéré comme le plus fort au monde Mister Satan
71%
Première fille sachant voler Videl
71%
Brigand devenu gentil Yamcha
71%
Possède 3 yeux Tenshin-han
69%
Vit sur une petite planète Maître Kaio
65%
Chef des sayans Roi Vegeta
63%
Magicien apposant sa marque sur le front de ses serviteurs Babidi
61%
Peut échanger son corps avec quelqu'un d'autre Ginue
61%
Fille du prince des sayans Bra
60%
Nouveau dieu de la terre Dende
57%
Gardien des senzus Karin
57%
Cochon métamorphe Oolong
57%
Peut se déplacer sur un tronc d'arbre Taopaipai
55%
Peut transformer ses ennemis en pierre avec sa salive Dabra
53%
A été déterminent lors du combat contre les sayans Yajirobe
53%
Ne possède qu'un seul cheveu Chaozu
52%
Grand père adoptif du héro Sangohan
52%
Réincarnation bienfaisante du plus fort des méchants Oob
50%
Dieu des dieux Kaio Shin
46%
Guerrier namek Nail
46%
Attention à elle quand elle éternue Lunch
44%
Peut se transformer en n'importe quoi Plume
44%
Père du magicien Bibidi
43%
Créateur des boules de cristal Tout puissant
42%
Serviteur rose du tyran de l'espace Dodoria
41%
Peut arrêter le temps quelques secondes Guldo
39%
Roi des démons du froid Cold
38%
Acolyte féminin du collecteur de dragon ball Mai
38%
Sbire de babidi envoyé au tournoi d'arts martiaux Spopovitch
36%
Devient une créature hideuse pour gagner en puissance Zabon
36%
Choisi si tu vas au paradis ou en enfer Enma
35%
Fille d'un cyborg et d'un humain Marron
35%
Serviteur de dieu Mr Popo
34%
Il faut les planter pour créer ces créatures Saibaman
34%
A vaincu Krilin, Sangohan et Végéta sur Namek Reecom
33%
Frankenstein de l'armée du ruban rouge C8
32%
Membre du commando d'élite de Freezer Jeece
32%
Vegeta le tue a son arrivée sur Namek Kiwi
31%
Collecteur de boules de cristal Pilaf
29%
Se balade sur une boule de cristal Mamie Voyante
28%
Possède deux potalas Kibito
27%
Double maléfique du Dieu de la terre Démon Piccolo
26%
Vaincu par Végéta dans le vaisseau de Babidi Buibui
25%
Monstre se nourrissant de lumière Yakon
23%
Autoproclamé comme le plus rapide sur terre Barta
22%
Inventeur de génie Brief
22%
Version miniature d'un méchant emblématique Cell Jr.
21%
Roi de la montagne de feu Gyumao
21%
Combattant de l'armée du ruban rouge Commandant bleu
20%
Chef suprême de l'armée du ruban rouge Général Red
20%
Sbire de babidi envoyé au tournoi d'arts martiaux Yamu
20%
Fusion grâce aux potalas Kibitoshin
18%
Premier assassin de Krilin Tambourine
17%
Rival du maître du héro Maître des grues
15%
Petit indien Upa
15%
Combattant puant vaincu par Krilin au tournoi d'arts martiaux Bactérie
11%
Maître du maître du héro Mutaito
8%
4ème fils du démon Piccolo Drum
7%
Acolyte masculin du collecteur de dragon ball Shu
7%
Guerrier indien habitant au pied de la tour Karin Bora
5%
Subalterne du démon Piccolo tué par Yajirobé Cimballe
4%
Combattant au tournoi d'arts martiaux ayant comme technique Blue-Gomme Guilan
3%
Aucun quiz correspondant
Distribution des résultats
% des personnes avec chaque résultat
Percentile par nombre de réponses
Votre historique - résultats
Vous n’avez pas pris ce quiz